| 000 | 01220cam a2200325 a 4500 | ||
|---|---|---|---|
| 001 | 1016 | ||
| 005 | 20230828110320.0 | ||
| 008 | 070824s2008 nyua b 000 1 eng | ||
| 020 | _a9780545120487 | ||
| 040 |
_aDLC _cDLC _dDLC _beng |
||
| 050 | 0 | 0 |
_aPZ7.R8139 _bWe 2008 |
| 082 | 0 | 0 |
_aFic _222 |
| 100 | 1 |
_aRoy, Ron, _d1940- |
|
| 245 | 1 | 0 |
_aWhite House white-out / _cby Ron Roy ; illustrated by John Steven Gurney. |
| 250 | _a1st ed. | ||
| 260 |
_aNew York : _bScholastic _c2008. |
||
| 300 |
_a124 pages : _billustrations ; _c20 cm |
||
| 490 | 0 | _aA to Z mysteries super edition ; | |
| 500 | _a"A Stepping Stone book." | ||
| 505 | _aJ | ||
| 520 | _aWhen Dink, Josh, and Ruth Rose visit Washington, D.C., just before Christmas, they are inadvertently caught up in a kidnapping plot that was intended for the president's dog, but also involves the president's stepdaughter and her friend Marshall. | ||
| 521 |
_a500
_bLexile |
||
| 521 |
_aJ
_bRaz-Plus |
||
| 650 | 1 |
_aKidnapping _vFiction. |
|
| 650 | 1 |
_aDogs _vFiction. |
|
| 650 | 1 | _aMystery and detective stories. | |
| 700 | 1 |
_aGurney, John Steven, _d1962- _eillustrator. |
|
| 906 |
_a7 _bcbc _corignew _d1 _eecip _f20 _gy-gencatlg |
||
| 942 |
_2ddc _cBK _n0 |
||
| 999 |
_c1016 _d1016 |
||